[Event "GRE-chT U16"]
[Site "Thessaloniki"]
[Date "2021.12.17"]
[Round "3.2"]
[White "Koutras, Konstantinos"]
[Black "Anagnostopoulos, Vasileios NA"]
[Result "1-0"]
[WhiteElo "1621"]
[BlackElo "1411"]
[PlyCount "141"]
[EventDate "2021.12.16"]
[EventType "team-swiss"]
[EventRounds "6"]
[EventCountry "GRE"]
[SourceTitle "CBM 205 Extra"]
[Source "ChessBase"]
[SourceDate "2022.01.31"]
[SourceVersion "1"]
[SourceVersionDate "2022.01.31"]
[SourceQuality "1"]
[WhiteTeam "Patron"]
[BlackTeam "Xanthis"]
[WhiteTeamCountry "GRE"]
[BlackTeamCountry "GRE"]

1. e4 e6 2. d4 d5 3. Bd3 c5 4. exd5 exd5 5. Nf3 Nf6 6. 0-0 Be7 7. dxc5 Bxc5 8. Nc3 0-0 9. Na4 Be7 10. Be3 Nc6 11. h3 Ne4 12. c4 Bf5 13. cxd5 Qxd5 14. Bc2 Qa5 15. Qe2 Rfe8 16. a3 Bf6 17. b4 Qc7 18. Rac1 Qe7 19. Qb5 Nd6 20. Qe2 Ne4 21. Rfe1 Bg6 22. Bb3 Ne5 23. Nxe5 Qxe5 24. Nc5 Nxc5 25. Rxc5 Qb2 26. Qxb2 Bxb2 27. Rc7 b6 28. a4 Be5 29. Rd7 Bf4 30. Bd5 Rac8 31. Rxa7 Bxe3 32. Rxe3 Rxe3 33. fxe3 Kf8 34. a5 bxa5 35. bxa5 Rc5 36. Bf3 Bd3 37. a6 Ra5 38. Ra8+ Ke7 39. a7 Bc4 40. Rc8 Rxa7 41. Rxc4 h6 42. Rb4 Ra2 43. Rb7+ Ke6 44. Bg4+ Kf6 45. Rb6+ Ke7 46. Bf3 f6 47. Rb7+ Kf8 48. Kh2 Ra3 49. Rb8+ Ke7 50. Rg8 Kf7 51. Bd5+ Kg6 52. Re8 Ra5 53. e4 Ra3 54. Rb8 Ra7 55. Rb7 Ra5 56. Be6 Kh7 57. Bf5+ Kg8 58. Bg6 Ra8 59. Kg3 Rd8 60. Kf4 Kf8 61. Rf7+ Kg8 62. Kf5 Ra8 63. Rd7 Kf8 64. Ke6 Ra6+ 65. Rd6 Ra8 66. Rc6 Rd8 67. Ra6 Rb8 68. Ra7 Rd8 69. Rc7 Kg8 70. Ke7 Rf8 71. Rd7 1-0

[Event "GRE-ch Online Rapid op 1st"]
[Site "Tornelo INT"]
[Date "2021.02.06"]
[Round "5"]
[White "Anagnostopoulos, Vasileios NA"]
[Black "Chatzipavlou, Odysseas"]
[Result "1-0"]
[WhiteElo "1204"]
[BlackElo "1038"]
[PlyCount "103"]
[EventDate "2021.02.06"]
[EventType "swiss (rapid)"]
[EventRounds "8"]
[EventCountry "GRE"]
[SourceTitle "EXT 2023"]
[Source "ChessBase"]
[SourceDate "2022.10.05"]
[SourceVersion "1"]
[SourceVersionDate "2022.10.05"]
[SourceQuality "1"]

1. c4 Nf6 2. g3 d5 3. Bg2 dxc4 4. Qa4+ Qd7 5. Qxc4 e6 6. Nf3 Be7 7. 0-0 0-0 8. d4 Nc6 9. Bf4 Bd6 10. Ne5 Nxe5 11. dxe5 b5 12. Qc2 Rb8 13. exd6 cxd6 14. Rd1 Nd5 15. Bd2 Ba6 16. Nc3 Rbc8 17. Qb3 Nxc3 18. Bxc3 Rfd8 19. Rac1 d5 20. Ba5 Re8 21. Bd2 Rc7 22. Rxc7 Qxc7 23. Rc1 Qe5 24. Be3 d4 25. Bf4 Qxe2 26. Qc2 Qxc2 27. Rxc2 e5 28. Bd2 f6 29. Rc7 Ra8 30. Bxa8 Kf8 31. Rxa7 Bc8 32. Bb4+ Ke8 33. Rc7 Kd8 34. Ba5 Bd7 35. Bc6 Bxc6 36. Rxc6+ Ke8 37. Bb4 d3 38. Re6+ Kd7 39. Rd6+ Ke7 40. Rxd3+ Kf7 41. Rd5 e4 42. Rxb5 e3 43. fxe3 f5 44. a4 f4 45. exf4 g6 46. a5 Ke6 47. a6 Kd7 48. a7 Kc7 49. a8Q g5 50. Qd5 gxf4 51. Rb7+ Kc8 52. Qd7# 1-0

[Event "GRE-ch North U08/14"]
[Site "Thessaloniki"]
[Date "2020.08.30"]
[Round "7"]
[White "Tzontas, Athanasios"]
[Black "Anagnostopoulos, Vasileios NA"]
[Result "1/2-1/2"]
[WhiteElo "1406"]
[BlackElo "1297"]
[PlyCount "69"]
[EventDate "2020.08.26"]
[EventType "swiss"]
[EventRounds "9"]
[EventCountry "GRE"]
[SourceTitle "EXT 2023"]
[Source "ChessBase"]
[SourceDate "2022.10.05"]
[SourceVersion "1"]
[SourceVersionDate "2022.10.05"]
[SourceQuality "1"]

1. e4 e6 2. b3 d5 3. Bb2 dxe4 4. Nc3 Nf6 5. Qe2 Bb4 6. a3 Bxc3 7. Bxc3 Nc6 8. Qc4 e5 9. 0-0-0 0-0 10. Re1 Nd4 11. f3 exf3 12. Nxf3 Nd5 13. Nxd4 Nxc3 14. Rxe5 Qd6 15. Qc5 Ne4 16. Qxd6 Nxd6 17. Bd3 Re8 18. Rxe8+ Nxe8 19. Re1 Kf8 20. Rf1 Nf6 21. Bf5 Bxf5 22. Rxf5 c6 23. b4 Rd8 24. Nb3 b6 25. c4 Ne4 26. Kc2 g6 27. Rf4 Nd6 28. d3 Nf5 29. Re4 Re8 30. Rxe8+ Kxe8 31. Kd2 h5 32. g3 Ke7 33. d4 Nd6 34. Kd3 b5 35. Na5 1/2-1/2